Name World Capitals #1 - Statistics

General Stats
  • This quiz has been taken 38 times
  • The average score is 22 of 24
Answer Stats
Hint Answer % Correct
Capital of Spain Madrid
100%
Capital of Italy Rome
100%
Capital of Greece Athens
97%
Capital of Finland Helsinki
97%
Capital of South Korea Seoul
97%
Capital of Sweden Stockholm
97%
Capital of China Beijing
94%
Capital of Egypt Cairo
94%
Capital of Denmark Copenhagen
94%
Capital of the United Kingdom London
94%
Capital of Mexico Mexico City
94%
Capital of Russia Moscow
94%
Capital of Norway Oslo
94%
Capital of Canada Ottawa
94%
Capital Of France Paris
94%
Capital of Iceland Reykjavik
94%
Capital of Japan Tokyo
94%
Capital of the United States Washington D.C.
94%
Capital of North Korea Pyongyang
90%
Capital of New Zealand Wellington
90%
Capital of Cuba Havana
87%
Capital of Peru Lima
87%
Capital of Portugal Lisbon
87%
Capital of Tunisia Tunis
87%
No matching quizzes found
Score Distribution
Percent of People with Each Score
Percentile by Number Answered
Your Score History
You have not taken this quiz